000
00228nam a22000857a 4500
008
160708b xxu||||| |||| 00| 0 eng d
100
_9
2419
_a
Nashsoft Systems
245
_a
Nashpack for Dos & Windows
260
_a
Ban
_b
Nashsoft System
999
_c
2094
_d
2094